| 000 | 01269cam a22003737a 4500 | ||
|---|---|---|---|
| 003 | CHAP | ||
| 005 | 20230629062636.0 | ||
| 008 | 000918d1998 mx a r 00110 esp d | ||
| 010 | _a82263 | ||
| 011 | _a83235 | ||
| 020 | _a8471148161 | ||
| 035 | _a93746 | ||
| 040 | _cCHAP | ||
| 082 | 0 | 4 |
_a635.21 _bR68Y |
| 100 | 0 | 0 |
_aRousselle, P. _ecoord. _9100326 |
| 245 | 1 | 3 |
_aLa patata : _bproducción, mejora, plagas y enfermedades, utilización _c/coord. por P. Rousselle, Y. Robert y J.C. Crosnier. |
| 260 |
_aMéxico, D. F. : _bMundi-Prens, _c1999. |
||
| 300 |
_a607 p. : _bilus. ; gráfs. ; mapas |
||
| 590 |
_aBATCH-UPD _b10 _c20130110 _lUCH01 _h0829 |
||
| 590 |
_aBATCH-UPD _b10 _c20130410 _lUCH01 _h0507 |
||
| 590 |
_aBATCH-UPD _b10 _c20130914 _lUCH01 _h1857 |
||
| 590 |
_aCONVERSION _b10 _c20130109 _lUCH01 _h1346 |
||
| 650 | 1 | 4 |
_aPapa. _985165 |
| 650 | 1 | 7 |
_aPapas _xEnfermedades _2 _985227 |
| 650 | 1 | 4 |
_aPapa _xFisiología y morfología. _985238 |
| 650 | 1 | 4 |
_aPapa _xGenética. _985240 |
| 650 | 1 | 4 |
_aPapa _xPlagas. _985270 |
| 700 | 0 |
_aCrosnier, J. C. _ecoord. _929187 |
|
| 700 | 0 |
_aRobert, Y. _ecoord. _997904 |
|
| 901 | _aBK | ||
| 905 | _aPatricia Mendoza P. | ||
| 942 | _cLIBRO | ||
| 949 |
_a635.21 R68Y _bBC _cLIBRO _d33724000939419 _eLIBRO _g206413 _h98648 _i93746 _si _t$698.70 |
||
| 999 |
_c82263 _d82263 |
||